| 000 | 01258nam a2200361 a 4500 | ||
|---|---|---|---|
| 001 | 000115885 | ||
| 003 | CHAP | ||
| 005 | 20240905175217.0 | ||
| 008 | 190719s2014 mx |r| ||||||spa d | ||
| 010 | _a112346 | ||
| 011 | _a113318 | ||
| 020 | _a9786079423056 | ||
| 040 | _cCHAP | ||
| 082 | 0 | 4 |
_a639.0972 _bS23 |
| 100 | 1 |
_aSantinelli, Jazmín B. _9136526 |
|
| 245 | 1 | 0 |
_aTemas selectos de pesca y acuacultura / _cpor Jazmín B. Santinelli y Patricia Jiménez Cruz. |
| 260 |
_aMéxico, D. F. : _bCámara de Diputados LXIII, Centro de Estudios para el Desarrollo Rural Sustentable y la Soberanía Alimentaria, _c2014. |
||
| 300 | _a255 p. | ||
| 490 | _aEstudios e investigación | ||
| 590 |
_aBATCH-UPD _b05 _c20190719 _lUCH01 _h1049 |
||
| 590 |
_aBATCH-UPD _b10 _c20190722 _lUCH01 _h1137 |
||
| 590 |
_aE11695DGD _b10 _c20190722 _lUCH01 _h1136 |
||
| 590 |
_aE5765TAJ _b05 _c20190719 _lUCH01 _h1048 |
||
| 650 | 1 | 7 |
_aAcuicultura _zMéxico _2 _9775 |
| 650 | 1 | 4 |
_aIndustria pesquera _zMéxico. _9136530 |
| 650 | 1 | 4 |
_aPesca _xLeyes y legislación _zMéxico. _9136529 |
| 650 | 1 | 4 |
_aPesca _zMéxico _xHistoria. _9136528 |
| 700 | 1 |
_aJiménez Cruz, Patricia. _9136527 |
|
| 830 | 0 |
_aEstudios e investigación _9127854 |
|
| 901 | _aBK | ||
| 942 | _cLIBRO | ||
| 942 | _n0 | ||
| 999 |
_c112346 _d112346 |
||